Štefan Moyses 1869 - 1919 na 50-ročnú pamiatku skonania, ...
| Format: | Book |
|---|---|
| Language: | English |
| PhysicalDescription: | 4 s. |
| Published: |
Turč. Sv. Martin
Matica slovenská
1919
|
MARC
| LEADER | 00000nam a2200000 a 4500 | ||
|---|---|---|---|
| 001 | vtls008836011 | ||
| 003 | SK-MaSNL | ||
| 005 | 20260223225154.0 | ||
| 008 | 060803 000 0 eng | ||
| 040 | |a SNK |b slo |c SNK |e AACR2 | ||
| 245 | 1 | |a Štefan Moyses 1869 - 1919 |b na 50-ročnú pamiatku skonania, ... | |
| 260 | |a Turč. Sv. Martin |b Matica slovenská |c 1919 | ||
| 300 | |a 4 s. | ||
| 999 | |c 738752 |d 740682 | ||
| 952 | |a SNK |b SNK |y PREZ |7 0 |p 17A0515112 |o snkOSD 326 |i snkF 131/64 |3 Rekatalogizácia |0 0 |1 0 |4 0 |d 2006-08-03 |l 0 |r 2026-02-23 22:51:54 |w 2026-02-23 | ||


